| 000 | 00395nam a22001457a 4500 | ||
|---|---|---|---|
| 005 | 20200610120410.0 | ||
| 008 | 200610b xxu||||| |||| 00| 0 eng d | ||
| 082 | _a345.4 AIR | ||
| 110 |
_aALL INDIA REPORTER _95916 |
||
| 245 | _aALL INDIA REPORTER, (1972) PUNJAB - HARYANA HIGH COURT | ||
| 260 |
_aBOMBAY _bALL INDIA REPORTER, PVT. LTD. |
||
| 300 | _a16;p | ||
| 650 |
_aLAW _95701 |
||
| 942 | _cJRL | ||
| 999 |
_c6978 _d6976 |
||